000 00310nam a2200133Ia 4500
005 20251222144837.0
008 251222s9999||||xx |||||||||||||| ||spa||
020 _a84-86067-12-X
082 _a262.1/R73
100 _aRodilla Zanón, Antonio
245 0 _aSantidad y Cultura
264 _bSoler
942 _cLIB
999 _c21090
_d21090